عرض عادي
عرض مارك
- James, Bruce,
مدخل إسم شخص
001 - رقم الضبط
- حقل الضبط: 58391
003 - معرف رقم الضبط
- حقل الضبط: OSt
005 - تاريخ ووقت أخر عملية
- حقل الضبط: 20170803190653.0
008 - عناصر بيانات ثابتة الطول
- حقل تحكم ثابت الطول: 170803|| aca||aabn | a|a d
040 ## - مصدر الفهرسة
- هيئة الفهرسة الأصلية: OSt
- وكالة الكتابة: OSt
100 ## - مدخل -- أسم شخص
- إسم شخص: James, Bruce,
- تواريخ مرتبطة بالاسم: 1957-
- مصطلح الرابط: author.
670 ## - بيانات المصدر موجوده
- الاستشهاد بالمصدر: Work cat.: (OSt)0: James, Bruce, 1957- author., Lecture notes. Ophthalmology /
